Que choisir [ 640 ]
<< Retourner aux résultats de la recherche
| Titre : | Que choisir [ 640 ] |
|---|---|
| Support : | Livres |
| Langue : | Francais |
| Publié : |
2023 Union Fédérale des Consommateurs |
| Genre : |
Revues et magazines |
| Collection : |
Que Choisir |
| Sujets : | |
| Étiquettes : |
Pas de tags
|
| LEADER | 00897nas0a2200253 450 | ||
|---|---|---|---|
| 001 | 16863832 | ||
| 011 | |d 5,2 | ||
| 100 | |a 20241029d2023 u u0frey01 ba | ||
| 101 | 1 | |a fre |c fre | |
| 102 | |a FR | ||
| 110 | 0 | |a afu 0uu0 | |
| 200 | 0 | |a Que choisir [ 640 ] | |
| 207 | 1 | |a 640 | |
| 210 | |c Union Fédérale des Consommateurs |d 2023 | ||
| 215 | |a 66 p. |c couv. ill. coul. ; ill. coul. |d 28 cm | ||
| 225 | 1 | |a Que Choisir | |
| 464 | |a Air fryers 26 modèles testés | ||
| 464 | |a tests labo: thermostats et vannes connectés, téléviseurs 140 et 165 cm, pneus toutes saisons et hiver | ||
| 464 | |a Bruit: bien protéger son logement | ||
| 464 | |a Trop d'allergènes cachés: adoucissants, nettoyants ménagers, lessives | ||
| 676 | |a 070.17 | ||
| 900 | |a Revues et magazines | ||
| 901 | |a Adultes | ||
| 995 | |a Médiathèque |c Médiathèque |f 089020546 |h 089020546 |k 070.17 QUE 640 |o p |q a |r az |e Médiathèque | ||